| 000 | 00471nam a2200145Ia 4500 | ||
|---|---|---|---|
| 008 | 210716s2005 xx 000 0 und d | ||
| 020 | _a0060558288 | ||
| 041 | _aeng | ||
| 082 | _a261.70973 WALJ | ||
| 100 | _aWallis, Jim | ||
| 245 |
_aGod's politics: why the right gets it wrong and the left doesn't get it. _bwhy the right gets it wrong and the left doesn't get it. |
||
| 260 |
_aU S A _bHarperSanFrancisco _c2005 |
||
| 300 | _axiii,384 | ||
| 650 | _aGeneral Management | ||
| 999 |
_c200982 _d200982 |
||